000 00273nam a2200121Ia 4500
005 20251222140112.0
008 251222s1900||||xx |||||||||||||| ||spa||
082 _a242/P42
100 _aPeña, Ángel
245 0 _a¿Eres Realmente Libre?
250 _a1ra.ed.
942 _cLIB
999 _c4351
_d4351